Základné charakteristiky realizmu v teórii medzinárodných vzťahoch bakalárska práca

Saved in:
Bibliographic Details
Main Author: Gubrica, Lukáš
Corporate Author: Fakulta medzinárodných vzťahov EU. Katedra medzinárodných politických vzťahov
Other Authors: Škvrnda, František, ml., 1987-
Format: Book
Language:Slovak
Published: Bratislava 2021
Tags: Add Tag
No Tags, Be the first to tag this record!

MARC

LEADER 00000nbm a2200000 4500
001 0275429
005 20240422083856.8
041 0 |a slo 
044 |a SK 
245 1 0 |a Základné charakteristiky realizmu v teórii medzinárodných vzťahoch  |b bakalárska práca  |c Lukáš Gubrica ; školiteľ: František Škvrnda ml. 
264 1 |a Bratislava  |c 2021 
300 |a 29 s. 
100 1 |a Gubrica, Lukáš 
700 1 |a Škvrnda, František, ml., 1987- 
710 2 |a Fakulta medzinárodných vzťahov EU. Katedra medzinárodných politických vzťahov